|
|
|
|
| LEADER |
00730cam a2200217 a 4500 |
| 001 |
0000051758 |
| 005 |
20030205090000.0 |
| 040 |
|
|
|a mod
|
| 041 |
|
|
|a eng
|
| 020 |
0 |
0 |
|a 9839888374
|
| 090 |
0 |
0 |
|a 305.4
|b LUQ
|e 1996
|
| 100 |
0 |
0 |
|a Luqman Hadi
|
| 245 |
1 |
0 |
|a Rahsia yang perlu anda tahu tentang wanita
|c Luqman Hadi
|
| 260 |
0 |
0 |
|a Batu Caves
|b Pustaka Ilmi 4c
|c 1996
|
| 300 |
0 |
0 |
|a iv, 116ms.
|c 19cm
|
| 650 |
0 |
0 |
|a Women
|
| 650 |
0 |
0 |
|a Women
|x Conduct of life
|
| 852 |
0 |
0 |
|a 01
|
| 999 |
|
|
|a 0172176
|b KEMENTAH
|d BOOKS
|e Umum
|f Perpustakaan KEMENTAH
|j AVAILABLE
|q GOOD CONDITION
|
| 999 |
|
|
|a 0179612
|b 3 BGD
|d BOOKS
|e Umum
|f 3 BGD
|j AVAILABLE
|q GOOD CONDITION
|
| 999 |
|
|
|a 0209669
|b PU SUBANG (TUDM SUBANG)
|d BOOKS
|e Umum
|f PU Subang (TUDM Subang)
|j AVAILABLE
|q GOOD CONDITION
|